Biological and cultural diversity : (Record no. 847)

MARC details
000 -LEADER
fixed length control field 00842nam a22002417a 4500
005 - DATE AND TIME OF LATEST TRANSACTION
control field 20231120095849.0
008 - FIXED-LENGTH DATA ELEMENTS--GENERAL INFORMATION
fixed length control field 231120b |||||||| |||| 00| 0 eng d
020 ## - INTERNATIONAL STANDARD BOOK NUMBER
International Standard Book Number 9781853394430
020 ## - INTERNATIONAL STANDARD BOOK NUMBER
International Standard Book Number 1853394432
040 ## - CATALOGING SOURCE
Original cataloging agency KMU
Transcribing agency KMU
Modifying agency KMU
Description conventions rda
245 ## - TITLE STATEMENT
Title Biological and cultural diversity :
Remainder of title The role of indigenous agricultural experimentation in development /
Statement of responsibility, etc. Edited by Prain, Gordon; Fujisaka, Sam and Warren, Michael D.
260 ## - PUBLICATION, DISTRIBUTION, ETC.
Place of publication, distribution, etc. UK :
Name of publisher, distributor, etc. Intermediate technology Publications Ltd.,
Date of publication, distribution, etc. 1999.
300 ## - PHYSICAL DESCRIPTION
Extent iv, 218 pages :
Other physical details ill.;
Dimensions 23 cm.
650 ## - SUBJECT ADDED ENTRY--TOPICAL TERM
Topical term or geographic name entry element Developing countries.
650 ## - SUBJECT ADDED ENTRY--TOPICAL TERM
Topical term or geographic name entry element Traditional farming.
650 ## - SUBJECT ADDED ENTRY--TOPICAL TERM
Topical term or geographic name entry element Biodiversity conservation.
650 ## - SUBJECT ADDED ENTRY--TOPICAL TERM
Topical term or geographic name entry element Agricultural ecology.
650 ## - SUBJECT ADDED ENTRY--TOPICAL TERM
Topical term or geographic name entry element Agricultural systems.
700 ## - ADDED ENTRY--PERSONAL NAME
Personal name Prain, Gordon
700 ## - ADDED ENTRY--PERSONAL NAME
Personal name Fujisaka, Sam
700 ## - ADDED ENTRY--PERSONAL NAME
Personal name Warren, Michael
942 ## - ADDED ENTRY ELEMENTS (KOHA)
Source of classification or shelving scheme Library of Congress Classification
Koha item type Non-Fiction
Suppress in OPAC No
Holdings
Withdrawn status Lost status Source of classification or shelving scheme Damaged status Not for loan Collection Home library Current library Shelving location Date acquired Source of acquisition Total Checkouts Full call number Barcode Date last seen Price effective from Koha item type
    Library of Congress Classification     Non-fiction Kapasa Makasa University Kapasa Makasa University Open Access 20.11.2023 Book Aid International   HM 1271 Bio 746999 20.11.2023 20.11.2023 Non-Fiction
    Library of Congress Classification     Non-fiction Kapasa Makasa University Kapasa Makasa University Open Access 20.11.2023 Book Aid International   HM 1271 Bio 747000 20.11.2023 20.11.2023 Non-Fiction